000 00579cam a2200205ua 4500
001 19173
008 130325n2003 II |||gr||||Z||||||eng
040 _aMAIN
041 _aEnglish
082 _a910 KUN
100 _aKUNDU, A. and BHAT, D.R.
245 _aMICRO LEVEL PLANNING : A CASE STUDY OF KARNAL AREA , HARYANA--INDIA
250 _aREP.
260 _aNEW DELHI
_bRAJESH PUBLICATION
_c2003
300 _a137:
_c24CM.
653 _aGeography & travel
700 _aBHAT, L.S. and DAS, B.N. and SASTRY,C.S.
700 _aSARMAH, A.N. and MAHAPATRA, R.C.
942 _cBK
999 _c19035
_d19035